000 00314nam a22001337a 4500
999 _c13822
_d13822
020 _a9781305959422
082 _a530
100 _aVern J. Ostdiek & Donald J. Bord
245 _aInquiry into Physics
250 _a8th Edition
260 _aAustralia
_bCengage Learning
300 _a2018
_b576 pages
942 _cBK